Paroles - Soulman - Ben l'Oncle Soul - Statistiques

Statistiques générales
  • Ce quiz a été pris 370 fois
  • Le résultat moyen est 257 sur 317
Statistiques - réponses
Réponse % Correct
de
99%
à
98%
pas
98%
la
97%
La
97%
97%
Je
96%
je
96%
ma
95%
ces
94%
J'ai
94%
j'ai
94%
ça
93%
le
93%
soulman
93%
loin
91%
un
91%
écoute
90%
n'ai
90%
baby
89%
mes
89%
Mes
89%
qu'un
89%
rien
89%
j'suis
88%
superman
88%
d'autre
87%
moi
87%
Moi
87%
offrir
87%
délires
86%
mais
86%
Mais
86%
déjà
85%
n'suis
85%
c'est
84%
Juste
83%
sais
83%
Ali
81%
Mohamed
81%
que
79%
ni
74%
Ni
74%
choses-là
73%
patience
72%
qu'en
71%
L'assurance
70%
les
70%
vrai
70%
De Vinci
68%
king kong
68%
banquière
67%
carrure
67%
Gandhi
67%
Pierre
67%
regard
67%
l'Abbé
66%
courage
64%
du
64%
Lee
64%
No
64%
no
64%
bonté
63%
l'génie
63%
sagesse
63%
des
62%
Non
61%
Mandela
60%
Spike
60%
sur
60%
pieds
59%
Rosa
58%
terre
58%
mon
57%
Parks
57%
Chaplin
56%
Charlie
56%
Guevara
55%
l'aura
54%
science
54%
Neil
53%
infuse
52%
savoir-faire
52%
comme
51%
Amstrong
50%
ferveur
50%
magazines
50%
Bocuse
49%
l'humour
49%
arc
47%
d'un
47%
être
47%
l'physique
47%
cordes
46%
gangster
46%
l'âme
46%
Plusieurs
46%
chance
44%
commun
43%
fait
43%
hors
43%
j'aurais
43%
eux
42%
aimé
40%
bien
40%
d'mon
40%
essayé
40%
fin
40%
mieux
40%
Oh
35%
fasse
33%
quoi
33%
ah
32%
yeah
30%
Ouais
18%
Aucun quiz correspondant
Distribution des résultats
% des personnes avec chaque résultat
Percentile par nombre de réponses
Votre historique - résultats
Vous n’avez pas pris ce quiz